ISTANA NEGARA : (Record no. 350)

000 -LEADER
fixed length control field nam a22 a 4500
003 - CONTROL NUMBER IDENTIFIER
control field AKMAL
005 - DATE AND TIME OF LATEST TRANSACTION
control field 20170503121849.0
008 - FIXED-LENGTH DATA ELEMENTS--GENERAL INFORMATION
fixed length control field 170503t2015 my ao g o001 0 eng d
020 ## - INTERNATIONAL STANDARD BOOK NUMBER
International Standard Book Number 9789671086407
Qualifying information hardback
040 ## - CATALOGING SOURCE
Original cataloging agency AKMAL
082 04 - DEWEY DECIMAL CLASSIFICATION NUMBER
Classification number 728.8209595 MON
Edition number 23
090 00 - LOCALLY ASSIGNED LC-TYPE CALL NUMBER (OCLC); LOCAL CALL NUMBER (RLIN)
Classification number (OCLC) (R) ; Classification number, CALL (RLIN) (NR) 728.8209595
Local cutter number (OCLC) ; Book number/undivided call number, CALL (RLIN) MON
100 0# - MAIN ENTRY--PERSONAL NAME
Personal name Md Nizam Md Sherif,
Titles and words associated with a name Dato',
Relator term author.
9 (RLIN) 792
245 10 - TITLE STATEMENT
Title ISTANA NEGARA :
Remainder of title THE NATIONAL PALACE OF MALAYSIA : A SYMBOL OF SOVEREIGNTY & MAJESTIC OF THE MALAY SULTANATE'S /
Statement of responsibility, etc. PUBLISHING DIRECTOR / WRITER Dato' Md Nizam B. Md Sharif
250 ## - EDITION STATEMENT
Edition statement First Edition
264 #1 - PRODUCTION, PUBLICATION, DISTRIBUTION, MANUFACTURE, AND COPYRIGHT NOTICE
Place of production, publication, distribution, manufacture Kuala Lumpur :
Name of producer, publisher, distributor, manufacturer Maya Maju (M) Sdn. Bhd.,
Date of production, publication, distribution, manufacture, or copyright notice 2015
300 ## - PHYSICAL DESCRIPTION
Extent 290 pages :
Other physical details colour illustrations, colour photographs ;
Dimensions 29 cm
500 ## - GENERAL NOTE
General note Includes index
610 2# - SUBJECT ADDED ENTRY--CORPORATE NAME
Corporate name or jurisdiction name as entry element Istana Negara (Wilayah Persekutuan Kuala Lumpur)
9 (RLIN) 793
650 10 - SUBJECT ADDED ENTRY--TOPICAL TERM
Topical term or geographic name entry element Palaces
Geographic subdivision Malaysia
Form subdivision Pictorial works
9 (RLIN) 794
650 20 - SUBJECT ADDED ENTRY--TOPICAL TERM
Topical term or geographic name entry element Architecture
Geographic subdivision Malaysia
General subdivision Designs and plans
9 (RLIN) 795
650 20 - SUBJECT ADDED ENTRY--TOPICAL TERM
Topical term or geographic name entry element Architecture
Geographic subdivision Malaysia
Form subdivision Pictorial works
9 (RLIN) 796
942 ## - ADDED ENTRY ELEMENTS (KOHA)
Source of classification or shelving scheme
Koha item type Book
950 ## - LOCAL HOLDINGS (RLIN)
Permanent shelving location, LOC (RLIN) AKMAL
Holdings
Withdrawn status Lost status Source of classification or shelving scheme Damaged status Not for loan Collection code Home library Current library Shelving location Date acquired Inventory number Total Checkouts Total Renewals Full call number Barcode Date last seen Date last checked out Price effective from Koha item type
          NON-FICTION AKMAL Melaka AKMAL Melaka PINJAMAN 03.05.2017 700194 5 2 728.8209595 MON 201701217 10.01.2019 31.12.2018 03.05.2017 Book
          NON-FICTION AKMAL Melaka AKMAL Melaka PINJAMAN 23.05.2017 700196     728.8209595 MON 201704805 23.05.2017   23.05.2017 Book
          NON-FICTION AKMAL Melaka AKMAL Melaka PINJAMAN 23.05.2017 700197     728.8209595 MON 201704804 23.05.2017   23.05.2017 Book
          NON-FICTION AKMAL Melaka AKMAL Melaka PINJAMAN 23.05.2017 700198     728.8209595 MON 201704803 23.05.2017   23.05.2017 Book
          NON-FICTION AKMAL Melaka AKMAL Melaka PINJAMAN 23.05.2017 700195     728.8209595 MON 201704802 23.05.2017   23.05.2017 Book
Pusat Sumber Maklumat Dato' Haji Sarmin Md Hussin, Akademi Kastam Diraja Malaysia, Melaka
Tel: 06-2331106 | Faks: 06-2313787